Drastic surgery for England's landscape (Record no. 72360)

MARC details
000 -LEADER
fixed length control field 01564cam a2200289 4500
001 - CONTROL NUMBER
control field ABS66525
008 - FIXED-LENGTH DATA ELEMENTS--GENERAL INFORMATION
fixed length control field 030326n2003 000 0 eng u
035 ## - SYSTEM CONTROL NUMBER
System control number (Sirsi) u121752
100 ## - MAIN ENTRY--PERSONAL NAME
Personal name Morris, H.
245 ## - TITLE STATEMENT
Title Drastic surgery for England's landscape
260 ## - PUBLICATION, DISTRIBUTION, ETC.
Date of publication, distribution, etc. 2003
490 ## - SERIES STATEMENT
Series statement Axis
Volume/sequential designation 57(5) January/February 2003, 10-13(4)
520 ## - SUMMARY, ETC.
Summary, etc. Presents a lucid analysis and assessment of the communities plan, that will make fundamental changes to the nation's landscape. Defines the concept of sustainable communities, reviews the financial provision, examines the new growth areas and details the plan's specific tasks such as setting up regional housing boards and strategic guidance for local housing authorities. Notes that the plan is not just about housing but also the wider environment with urban parks and green spaces, high quality design, planning and infrastructure having a role to play. The communities plan is available at www.communities.odpm.gov.uk/index.htm
590 ## - LOCAL NOTE (RLIN)
Local note ABS
650 ## - SUBJECT ADDED ENTRY--TOPICAL TERM
Topical term or geographic name entry element SUSTAINABLE COMMUNITIES: BUILDING FOR THE FUTURE
650 ## - SUBJECT ADDED ENTRY--TOPICAL TERM
Topical term or geographic name entry element SUSTAINABLE COMMUNITIES
650 ## - SUBJECT ADDED ENTRY--TOPICAL TERM
Topical term or geographic name entry element MARKET RENEWAL PATHFINDER AREAS
650 ## - SUBJECT ADDED ENTRY--TOPICAL TERM
Topical term or geographic name entry element THAMES GATEWAY
650 ## - SUBJECT ADDED ENTRY--TOPICAL TERM
Topical term or geographic name entry element REGIONAL HOUSING BOARDS
650 ## - SUBJECT ADDED ENTRY--TOPICAL TERM
Topical term or geographic name entry element LOCAL HOUSING AUTHORITIES
650 ## - SUBJECT ADDED ENTRY--TOPICAL TERM
Topical term or geographic name entry element GREEN SPACES
650 ## - SUBJECT ADDED ENTRY--TOPICAL TERM
Topical term or geographic name entry element MILTON KEYNES
650 ## - SUBJECT ADDED ENTRY--TOPICAL TERM
Topical term or geographic name entry element BROWNFIELD DEVELOPMENT
690 ## - LOCAL SUBJECT ADDED ENTRY--TOPICAL TERM (OCLC, RLIN)
Topical term or geographic name as entry element HOUSING-DEVELOPMENT
856 ## - ELECTRONIC LOCATION AND ACCESS
Uniform Resource Identifier <a href="https://www.communities.gov.uk/documents/communities/pdf/146289.pdf">https://www.communities.gov.uk/documents/communities/pdf/146289.pdf</a>
Public note View the communities plan free of charge at www.communities.gov.uk
942 ## - ADDED ENTRY ELEMENTS (KOHA)
Suppress in OPAC 0
Holdings
Withdrawn status Lost status Source of classification or shelving scheme Damaged status Not for loan Home library Current library Shelving location Date acquired Total Checkouts Full call number Barcode Date last seen Copy number Price effective from Koha item type
    Dewey Decimal Classification     London London Journal article 26/03/2003   ABS66525 121752-1001 06/08/2019 1 06/08/2019 Journal article